Oiseaux du Jardin : Top 20 des espèces les plus courantes - Statistiques

Statistiques générales
  • Ce quiz a été pris 54 fois
  • Le résultat moyen est 7 sur 20
Statistiques - réponses
Réponse % Correct
Mésange bleue
86%
Mésange charbonnière
86%
Moineau domestique
60%
Merle noir
58%
Pigeon ramier
58%
Corneille noire
42%
Pie bavarde
42%
Pinson des arbres
42%
Tourterelle turque
42%
Chardonneret élégant
37%
Pic épeiche
35%
Rougegorge familier
30%
Le verdier d’Europe
26%
Geai des chênes
23%
Troglodyte mignon
21%
Mésange nonnette
19%
Sittelle torchepot
19%
Pinson du Nord
2%
L’accenteur Mouchet
0%
L’étourneau Sansonnet
0%
Aucun quiz correspondant
Distribution des résultats
% des personnes avec chaque résultat
Percentile par nombre de réponses
Votre historique - résultats
Vous n’avez pas pris ce quiz